000 00918nam a22003137a 4500
003 CHAP
005 20220817042426.0
008 971013s1922 r 00010 d
010 _a44306
011 _a45278
035 _a49417
040 _cCHAP
082 _a338.1
_bT39
100 0 0 _aTaylor, Henry C.
_9111799
245 _aAgricultural economics
260 _aNew York :
_bMacMillan,
_c1922
300 _a439 p.
590 _aBATCH-UPD
_b10
_c20130110
_lUCH01
_h0136
590 _aBATCH-UPD
_b10
_c20130110
_lUCH01
_h1929
590 _aBATCH-UPD
_b10
_c20130410
_lUCH01
_h1254
590 _aBATCH-UPD
_b10
_c20130914
_lUCH01
_h2042
590 _aCONVERSION
_b10
_c20130109
_lUCH01
_h1324
650 1 4 _aAgricultura
_xAspectos económicos.
650 1 4 _aAgricultura
_xE.U.A.
_91408
650 1 4 _aTierras
_xTenencia.
_9113130
901 _aBK
942 _cLIBRO
949 _a338.1 T39
_bBC
_cBPA
_d-111479
_eBPA
_i49417
_si
999 _c44306
_d44306